Formule 1 - Vainqueurs du GP de Scandinavie, Suède - Statistiques

Statistiques générales
  • Ce quiz a été pris 20 fois
  • Le résultat moyen est 4 sur 6
Statistiques - réponses
Années Pilotes % Correct
1975 Niki Lauda
100%
1978 Niki Lauda
100%
1974 Jody Scheckter
57%
1976 Jody Scheckter
57%
1977 Jacques Laffite
50%
1973 Denny Hulme
43%
Aucun quiz correspondant
Distribution des résultats
% des personnes avec chaque résultat
Percentile par nombre de réponses
Votre historique - résultats
Vous n’avez pas pris ce quiz